000 00540nam a2200181Ia 4500
003 OSt
005 20230602121247.0
008 210423s2005 xx 000 0 und d
040 _cAL
041 _aeng
082 _a370
_223
_bMADO
100 _aMADTHA (Prashant),Ed.
_9118938
245 _aOn eagels wings: intimate history of 125 years of st aloysius college.
260 _aMangalore
_bSACAA
_c2005
365 _b400
_cINR
906 _a125 ; aloysius ; college. ; eagels ; history ; intimate ; st ; wings: ; years
942 _2ddc
_cBK
999 _c174805
_d174805